000 00478cam a2200169 4500
001 D14521
008 090401t1958 xxu||||| |||| 00| 0 eng d
035 _a(Sirsi) u16195
041 _aeng
245 _aWoodfall`s law of Landlord and Tenant. 2nd permanent supplement by Lionel A. Blundell and V.G Wellings. Volume 2: The Rent Acts
250 _a25th
260 _aLondon
_bSweet & Maxwell
_c1958
350 _a0
520 _aShelf 137
942 _n0
948 _c04/03/1997
999 _c87396
_d87396